000 00840nas a2200265 4500
001 BR9201597
003 BR-BrBNA
005 20231205092425.0
007 ta
008 230509b bl.|||p| |||| 00| 00por d
040 _aBR-BrBNA
_bpor
_cBiblioteca Nacional de Agricultura
041 _a(Pt)
072 _aL73
100 1 _aFiorentin, L.
100 1 _aBalen, L.
100 1 _aFialho, F.B.
245 1 _aPatogenicidade de amostras de Mycoplasma synoviae isoladas no Brasil
246 1 _aPathogenicity of Mycoplasma synoviae strains isolated in Brazil
650 _aGALINHA
650 _aOVO
650 _aMICOPLASMOSE
773 0 _tArquivo Brasileiro de Medicina Veterinaria e Zootecnia (Brazil)
_xISSN 0102-0935
_g(Oct 1991), v. 43(5) p. 405-410
_wBR9201597
909 _a202311
_bLúcia
_c55
_dLúcia Elande
942 _2AGRIS
_n0
_cANA
999 _c131608
_d131608